Countries by Football Clubs with Funny Names (Part 2) - Statistics

General Stats
  • This quiz has been taken 20 times
  • The average score is 10 of 20
Answer Stats
Hint Answer % Correct
Tottenham Hotspur FC England
94%
AaB Denmark
89%
Orlando Pirates FC South Africa
89%
Viking FK Norway
83%
FC Santa Claus Finland
72%
FC Bruno's Magpies Gibraltar
67%
Club The Strongest Bolivia
56%
Khan Research Laboratories FC Pakistan
56%
Hércules CF Spain
56%
Cape Coast Mysterious Ebusua Dwarfs Ghana
50%
Income Tax SC India
50%
Simba SC Tanzania
50%
Stationery Stores FC Nigeria
44%
Miscellaneous SC Botswana
33%
ASEC Mimosas Côte D'Ivoire
33%
Solid SC Sri Lanka
33%
Life Fighters FC Namibia
22%
Tarxien Rainbows FC Malta
17%
Anti Drugs Strikers FC Sierra Leone
6%
Henderson Eels FC Solomon Islands
0%
No matching quizzes found
Score Distribution
Percent of People with Each Score
Percentile by Number Answered
Your Score History
You have not taken this quiz